Tea growing (Record no. 21133)

MARC details
000 -LEADER
fixed length control field 00310nam a2200133Ia 4500
082 ## - DEWEY DECIMAL CLASSIFICATION NUMBER
Classification number 633.72
Item number HAR
100 ## - MAIN ENTRY--AUTHOR NAME
Personal name HARLER, C R
245 #0 - TITLE STATEMENT
Title Tea growing
260 ## - PUBLICATION, DISTRIBUTION, ETC. (IMPRINT)
Place of publication London
Name of publisher Oxford
Year of publication 1966
490 ## - SERIES STATEMENT
Series statement Oxford tropical handbooks
650 ## - SUBJECT ADDED ENTRY--TOPICAL TERM
Topical Term Tea
942 ## - ADDED ENTRY ELEMENTS (KOHA)
Koha item type Books
Holdings
Withdrawn status Lost status Damaged status Not for loan Home library Current library Date acquired Full call number Accession Number Koha item type
        RRII Library RRII Library 16/12/2021 633.72 HAR 01853 Books